000 00502nam a2200181Ia 4500
005 20250326123721.0
008 250326s9999 xx 000 0 und d
037 _aTextbook
040 _aFMSL
_beng
_cFMSL
041 _aeng
_2eng
084 _aX:8J M5
_qFMSL
100 _aWoolf E
_9598842
245 0 _aAdvanced auditing and invistigations
_cWoolf E
260 _aNew Delhi
_bNew Delhi, Macdonald & Evans
_c1985
300 _a514p
942 _cTB
_hX:8J M5
999 _c1270641
_d1270641